|
|
|
|
| LEADER |
00000cam a22000002c 4500 |
| 001 |
1951375696 |
| 003 |
DE-627 |
| 005 |
20260402120446.0 |
| 007 |
cr uuu---uuuuu |
| 008 |
260206s1524 xx |||||o 00| ||gre c |
| 024 |
7 |
|
|a urn:nbn:de:hebis:30:2-302804
|2 urn
|
| 024 |
7 |
|
|a VD16 B 2575
|2 vd16
|
| 035 |
|
|
|a (DE-627)1951375696
|
| 035 |
|
|
|a (DE-603)377752304
|
| 035 |
|
|
|a (DE-599)HEB377752304
|
| 040 |
|
|
|a DE-627
|b ger
|c DE-627
|e rakwb
|
| 041 |
|
|
|a gre
|
| 082 |
0 |
4 |
|a 090
|
| 084 |
|
|
|a 1
|2 ssgn
|
| 245 |
0 |
0 |
|a Novvm Testamentvm Graece
|
| 264 |
|
1 |
|a Argentorati
|b Cephalaeus
|c 1524
|
| 300 |
|
|
|a I + 160 + 118 + IV Bl.
|c Papier ; Octav
|
| 336 |
|
|
|a Text
|b txt
|2 rdacontent
|
| 337 |
|
|
|a Computermedien
|b c
|2 rdamedia
|
| 338 |
|
|
|a Online-Ressource
|b cr
|2 rdacarrier
|
| 500 |
|
|
|a Vorbesitzer: Johannes Brenz; Johannes Theodoricus; Wilhelm Friedrich Hufnagel; alte Signatur: Biblia Nov. Test. Gr. 301
|
| 500 |
|
|
|a Vorlageform des Erscheinungsvermerks: Argentorati, apud Vuolfium Cephalaeum. Anno 1524
|
| 506 |
0 |
|
|q DE-30
|a Open Access
|u https://purl.org/coar/access_right/c_abf2
|f Unrestricted online access
|2 star
|
| 533 |
|
|
|a [Online-Ausg.]
|b Frankfurt am Main
|c Univ.-Bibliothek
|d 2016
|e Online-Ressource
|7 |2016||||||||||
|
| 540 |
|
|
|q DE-30
|a Public Domain Mark 1.0
|f PDM 1.0
|2 cc
|u https://creativecommons.org/publicdomain/mark/1.0/
|
| 700 |
1 |
|
|e Hrsg.
|0 (DE-588)117212733
|0 (DE-627)078657083
|0 (DE-576)215835875
|4 edt
|a Lonicer, Johannes
|d 1499-1569
|
| 730 |
0 |
2 |
|a Testamentum novum
|
| 730 |
0 |
2 |
|a Ausst. 228
|
| 856 |
4 |
0 |
|u http://sammlungen.ub.uni-frankfurt.de/urn/uurn:nbn:de:hebis:30:2-302804
|x Digitalisierung
|z kostenfrei
|7 0
|
| 856 |
4 |
2 |
|u http://nbn-resolving.de/urn:nbn:de:hebis:30:2-17341-p0079-6
|m DE-30
|q application/pdf
|3 Ausführliche Beschreibung
|7 1
|
| 912 |
|
|
|a MZ-ZDB-56-VDS
|
| 935 |
|
|
|a mteo
|
| 935 |
|
|
|h HEB
|i 0501
|
| 935 |
|
|
|h HEB
|i 0503
|
| 936 |
s |
n |
|a a200
|2 mzub
|
| 951 |
|
|
|a BO
|
| ELC |
|
|
|a 1
|
| LOK |
|
|
|0 000 xxxxxcx a22 zn 4500
|
| LOK |
|
|
|0 001 4947609729
|
| LOK |
|
|
|0 003 DE-627
|
| LOK |
|
|
|0 004 1951375696
|
| LOK |
|
|
|0 005 20260402115535
|
| LOK |
|
|
|0 008 260402||||||||||||||||ger|||||||
|
| LOK |
|
|
|0 040
|a DE-Tue135
|c DE-627
|d DE-Tue135
|
| LOK |
|
|
|0 092
|o n
|
| LOK |
|
|
|0 852
|a DE-Tue135
|
| LOK |
|
|
|0 852 1
|9 00
|
| LOK |
|
|
|0 866
|x SPQUE#VD (Historische deutsche Nationalbibliographie)#SPSAM#VD16
|
| LOK |
|
|
|0 935
|a ixvd
|a ixv6
|
| LOK |
|
|
|0 939
|a 2026-04-02
|b l01
|
| OAS |
|
|
|a 1
|
| ORI |
|
|
|a TA-MARC-ixtheoa001.raw
|
| REL |
|
|
|a 1
|
| SUB |
|
|
|a REL
|